| 000 | 00936nam a2200265Ia 4500 | ||
|---|---|---|---|
| 003 | OSt | ||
| 005 | 20221005112458.0 | ||
| 006 | a|||||r|||| 00| 0 | ||
| 007 | ta | ||
| 008 | 221004b |||||||| |||| 00| 0 pan d | ||
| 020 |
_a9789383392469 (hbk) _cINR 150.00 |
||
| 024 | _a44798 | ||
| 037 |
_b1068, 22/02/2019, H.K. Prakashan _cTextual |
||
| 040 |
_aCRL _cCRL _bpan |
||
| 041 |
_2pan _apan |
||
| 082 | _aO153,3NSH2,DM, Q8 | ||
| 100 |
_aFਰਮਾ, ਬਲਵਿੰਦਰ, ਂਚ. _9624345 |
||
| 245 | 0 | _aਡਬਲ ਮਬਡਰ | |
| 260 |
_aਚੰਡੀਗੜ _bਲੋਕਗੀਤ ਪ੍ਰਕਾFਨ ਭਾਰਤ _c2018 |
||
| 300 |
_a73ਪ੍ਰ0 _ccm. |
||
| 650 | _a ਪੰਜਾਬੀ ਕਹਾਣੀ | ||
| 650 | _aਪੰਜਾਬੀ ਸਾਹਿਤ | ||
| 942 |
_hO153,3NSH2,DM, Q8 _cTEXL _2cc |
||
| 999 |
_c1025005 _d1025005 |
||